000 00398nam a2200181Ia 4500
001 2063
005 20260306143814.0
008 260306t2009||||xx |||||||||||||| ||spa||
041 _aESP
082 _a611.81
_bC28
100 _aCarter, Rita
_eAUT
245 0 _aEl cerebro
260 _c2009
300 _a256 páginas :
_c31 cm.
650 _aGEN
654 _aCPS
942 _cLIB
_dJUS
_fJUS
_2ddc
_n
999 _c2063
_d2063